[Event "ODJM A 2025"]
[Site "Willingen GER"]
[Date "2025.06.13"]
[Round "8"]
[White "Krause, Enrico"]
[Black "Heimann, Alexander"]
[Result "1-0"]
[Termination "normal"]
[Board "22"]
[WhiteElo "1792"]
[BlackElo "1930"]
[WhiteClock "00:03:48"]
[BlackClock "00:00:43"]
[PlyCount "139"]
[WhiteFideId "34618490"]
[BlackFideId "16215346"]
[EventCountry "GER"]
[EventRounds "9"]
[EventType "swiss"]
[EventDate "2025.06.07"]

1. c4 {[%clk 01:30:58]} {[%emt 00:00:02]} c6 {[%clk 01:29:45]} {[%emt
00:01:16]} 2. Nc3 {[%clk 01:31:19]} {[%emt 00:00:09]} d5 {[%clk 01:29:41]}
{[%emt 00:00:33]} 3. cxd5 {[%clk 01:31:20]} {[%emt 00:00:29]} cxd5 {[%clk
01:29:52]} {[%emt 00:00:18]} 4. d4 {[%clk 01:31:47]} {[%emt 00:00:05]} Nf6
{[%clk 01:29:07]} {[%emt 00:01:14]} 5. Nf3 {[%clk 01:32:10]} {[%emt 00:00:06]}
Nc6 {[%clk 01:28:09]} {[%emt 00:01:28]} 6. Bf4 {[%clk 01:32:24]} {[%emt
00:00:17]} a6 {[%clk 01:26:22]} {[%emt 00:02:17]} 7. e3 {[%clk 01:32:44]}
{[%emt 00:00:10]} Bf5 {[%clk 01:25:01]} {[%emt 00:01:51]} 8. Be2 {[%clk
01:31:05]} {[%emt 00:02:09]} h6 {[%clk 01:16:39]} {[%emt 00:08:53]} 9. Rc1
{[%clk 01:26:31]} {[%emt 00:05:03]} e6 {[%clk 00:58:21]} {[%emt 00:18:48]} 10.
O-O {[%clk 01:25:02]} {[%emt 00:01:59]} Bd6 {[%clk 00:57:29]} {[%emt 00:01:23]}
11. Bxd6 {[%clk 01:21:41]} {[%emt 00:03:51]} Qxd6 {[%clk 00:57:46]} {[%emt
00:00:12]} 12. Na4 {[%clk 01:09:56]} {[%emt 00:12:16]} Nd7 {[%clk 00:52:12]}
{[%emt 00:06:03]} 13. Nc5 {[%clk 00:58:07]} {[%emt 00:12:20]} Nxc5 {[%clk
00:46:18]} {[%emt 00:06:23]} 14. Rxc5 {[%clk 00:58:28]} {[%emt 00:00:10]} O-O
{[%clk 00:45:37]} {[%emt 00:01:10]} 15. Qb3 {[%clk 00:54:55]} {[%emt 00:04:03]}
Qd7 {[%clk 00:43:38]} {[%emt 00:02:28]} 16. Rfc1 {[%clk 00:54:59]} {[%emt
00:00:27]} Rfc8 {[%clk 00:42:47]} {[%emt 00:01:21]} 17. Qb6 {[%clk 00:39:44]}
{[%emt 00:15:45]} f6 {[%clk 00:39:53]} {[%emt 00:03:24]} 18. Bd1 {[%clk
00:31:28]} {[%emt 00:08:47]} Bg6 {[%clk 00:29:50]} {[%emt 00:10:32]} 19. Ba4
{[%clk 00:29:25]} {[%emt 00:02:34]} Be8 {[%clk 00:28:52]} {[%emt 00:01:27]} 20.
Ne1 {[%clk 00:24:03]} {[%emt 00:05:52]} Qc7 {[%clk 00:25:39]} {[%emt 00:03:43]}
21. Qxc7 {[%clk 00:24:08]} {[%emt 00:00:26]} Rxc7 {[%clk 00:25:53]} {[%emt
00:00:15]} 22. Nd3 {[%clk 00:23:41]} {[%emt 00:00:56]} Kf8 {[%clk 00:23:06]}
{[%emt 00:03:17]} 23. f4 {[%clk 00:20:00]} {[%emt 00:04:11]} Re7 {[%emt
00:10:01]} 24. Bxc6 {[%clk 00:18:12]} {[%emt 00:02:15]} Bxc6 {[%clk 00:13:15]}
{[%emt 00:00:54]} 25. Nb4 {[%clk 00:17:04]} {[%emt 00:01:39]} Bb5 {[%clk
00:10:29]} {[%emt 00:03:15]} 26. f5 {[%clk 00:14:05]} {[%emt 00:03:29]} Rd8
{[%clk 00:08:46]} {[%emt 00:02:12]} 27. fxe6 {[%clk 00:12:25]} {[%emt
00:02:11]} Rxe6 {[%clk 00:08:25]} {[%emt 00:00:51]} 28. Nxd5 {[%clk 00:12:09]}
{[%emt 00:00:47]} Bc6 {[%clk 00:05:10]} {[%emt 00:03:44]} 29. Nb4 {[%clk
00:09:13]} {[%emt 00:03:27]} Rxe3 {[%clk 00:05:12]} {[%emt 00:00:28]} 30. Nxc6
{[%clk 00:09:15]} {[%emt 00:00:29]} bxc6 {[%clk 00:05:07]} {[%emt 00:00:34]}
31. Rxc6 {[%clk 00:08:29]} {[%emt 00:01:16]} Rxd4 {[%clk 00:05:20]} {[%emt
00:00:15]} 32. R1c2 {[%clk 00:07:30]} {[%emt 00:01:30]} Rf4 {[%clk 00:02:39]}
{[%emt 00:03:10]} 33. h3 {[%clk 00:06:57]} {[%emt 00:01:04]} Ra4 {[%clk
00:02:24]} {[%emt 00:00:45]} 34. a3 {[%clk 00:05:47]} {[%emt 00:01:41]} Kf7
{[%clk 00:01:39]} {[%emt 00:01:15]} 35. Kf2 {[%clk 00:04:04]} {[%emt 00:02:12]}
Re7 {[%clk 00:00:58]} {[%emt 00:01:06]} 36. R2c3 {[%clk 00:03:05]} {[%emt
00:01:35]} Kg6 {[%clk 00:00:39]} {[%emt 00:00:48]} 37. b4 {[%clk 00:01:49]}
{[%emt 00:01:46]} Kg5 {[%clk 00:00:34]} {[%emt 00:00:35]} 38. R6c5+ {[%clk
00:00:55]} {[%emt 00:01:24]} Kg6 {[%clk 00:00:37]} {[%emt 00:00:27]} 39. Rg3+
{[%clk 00:00:39]} {[%emt 00:00:46]} Kf7 {[%clk 00:00:39]} {[%emt 00:00:28]} 40.
Rd3 {[%clk 00:00:52]} {[%emt 00:00:18]} Kg6 {[%clk 00:00:35]} {[%emt 00:00:33]}
41. Rcc3 {[%clk 00:27:39]} {[%emt 00:03:44]} Rb7 {[%clk 00:22:12]} {[%emt
00:08:52]} 42. Rc6 {[%clk 00:24:38]} {[%emt 00:03:31]} Re7 {[%clk 00:21:35]}
{[%emt 00:01:06]} 43. Rb3 {[%clk 00:24:47]} {[%emt 00:00:21]} Kf5 {[%clk
00:17:07]} {[%emt 00:04:58]} 44. Rc5+ {[%clk 00:21:50]} {[%emt 00:03:28]} Kg6
{[%clk 00:16:59]} {[%emt 00:00:37]} 45. Rcc3 {[%clk 00:21:17]} {[%emt
00:01:04]} Re5 {[%clk 00:14:32]} {[%emt 00:02:57]} 46. Re3 {[%clk 00:21:13]}
{[%emt 00:00:34]} Rb5 {[%clk 00:14:34]} {[%emt 00:00:28]} 47. Re7 {[%clk
00:18:52]} {[%emt 00:02:51]} Rg5 {[%clk 00:10:40]} {[%emt 00:04:22]} 48. g3
{[%clk 00:13:56]} {[%emt 00:05:27]} Rd5 {[%clk 00:05:31]} {[%emt 00:05:39]} 49.
Ke3 {[%clk 00:12:06]} {[%emt 00:02:21]} f5 {[%clk 00:05:13]} {[%emt 00:00:48]}
50. Rc7 {[%clk 00:10:31]} {[%emt 00:02:05]} Kf6 {[%clk 00:04:09]} {[%emt
00:01:33]} 51. Rc6+ {[%clk 00:09:57]} {[%emt 00:01:06]} Ke5 {[%clk 00:02:57]}
{[%emt 00:01:40]} 52. Rg6 {[%clk 00:10:15]} {[%emt 00:00:12]} Rd7 {[%clk
00:02:24]} {[%emt 00:01:03]} 53. Kf3 {[%clk 00:10:23]} {[%emt 00:00:21]} Rf7
{[%clk 00:02:13]} {[%emt 00:00:41]} 54. Rd3 {[%clk 00:09:04]} {[%emt 00:01:50]}
f4 {[%clk 00:01:00]} {[%emt 00:01:43]} 55. g4 {[%clk 00:09:05]} {[%emt
00:00:29]} Ra7 {[%clk 00:00:57]} {[%emt 00:00:33]} 56. h4 {[%clk 00:08:08]}
{[%emt 00:01:27]} Rc7 {[%clk 00:00:36]} {[%emt 00:00:51]} 57. h5 {[%clk
00:06:57]} {[%emt 00:01:41]} Rf7 {[%clk 00:00:33]} {[%emt 00:00:32]} 58. Rc6
{[%clk 00:06:47]} {[%emt 00:00:40]} Rf6 {[%clk 00:00:32]} {[%emt 00:00:32]} 59.
Rc5+ {[%clk 00:05:19]} {[%emt 00:01:57]} Ke6 {[%clk 00:00:52]} {[%emt
00:00:10]} 60. Ke4 {[%clk 00:05:18]} {[%emt 00:00:32]} Ke7 {[%clk 00:00:33]}
{[%emt 00:00:50]} 61. Rc7+ {[%clk 00:05:31]} {[%emt 00:00:16]} Ke8 {[%clk
00:00:32]} {[%emt 00:00:31]} 62. Kf3 {[%clk 00:05:28]} {[%emt 00:00:33]} g5
{[%clk 00:00:31]} {[%emt 00:00:29]} 63. hxg6 {[%clk 00:05:37]} {[%emt
00:00:22]} Rxg6 {[%clk 00:00:36]} {[%emt 00:00:25]} 64. Kxf4 {[%clk 00:05:48]}
{[%emt 00:00:20]} Rf6+ {[%clk 00:00:38]} {[%emt 00:00:28]} 65. Ke5 {[%clk
00:04:52]} {[%emt 00:01:26]} Rg6 {[%clk 00:00:48]} {[%emt 00:00:20]} 66. Kf5
{[%clk 00:04:02]} {[%emt 00:01:20]} Rb6 {[%clk 00:01:06]} {[%emt 00:00:12]} 67.
Rh3 {[%clk 00:03:07]} {[%emt 00:01:25]} Rb5+ {[%clk 00:00:35]} {[%emt
00:01:00]} 68. Ke6 {[%clk 00:03:21]} {[%emt 00:00:17]} Rb6+ {[%clk 00:00:52]}
{[%emt 00:00:13]} 69. Kd5 {[%clk 00:03:31]} {[%emt 00:00:20]} Kd8 {[%clk
00:00:43]} {[%emt 00:00:38]} 70. Ra7 {[%clk 00:03:48]} {[%emt 00:00:14]} 1-0

[Event "ODJM A 2025"]
[Site "Willingen GER"]
[Date "2025.06.13"]
[Round "8"]
[White "Arp, Piotr"]
[Black "Matthes, Benjamin"]
[Result "1/2-1/2"]
[Termination "normal"]
[Board "23"]
[WhiteElo "1863"]
[BlackElo "1981"]
[WhiteClock "00:21:00"]
[BlackClock "00:27:48"]
[PlyCount "82"]
[WhiteFideId "34657398"]
[BlackFideId "16227298"]
[EventCountry "GER"]
[EventRounds "9"]
[EventType "swiss"]
[EventDate "2025.06.07"]

1. d4 {[%clk 01:30:59]} {[%emt 13:28:27]} d5 {[%clk 01:30:49]} {[%emt
00:00:12]} 2. c4 {[%clk 01:31:20]} {[%emt 00:00:09]} dxc4 {[%clk 01:31:10]}
{[%emt 00:00:09]} 3. Nf3 {[%clk 01:31:35]} {[%emt 00:00:15]} Nf6 {[%clk
01:31:33]} {[%emt 00:00:07]} 4. Nc3 {[%clk 01:30:56]} {[%emt 00:01:08]} c5
{[%clk 01:28:51]} {[%emt 00:03:13]} 5. e3 {[%clk 01:24:01]} {[%emt 00:07:24]}
cxd4 {[%clk 01:26:08]} {[%emt 00:03:14]} 6. exd4 {[%clk 01:24:25]} {[%emt
00:00:05]} e6 {[%clk 01:25:49]} {[%emt 00:00:50]} 7. Bxc4 {[%clk 01:24:38]}
{[%emt 00:00:16]} Be7 {[%clk 01:23:00]} {[%emt 00:03:19]} 8. O-O {[%clk
01:25:01]} {[%emt 00:00:07]} O-O {[%clk 01:23:25]} {[%emt 00:00:05]} 9. h3
{[%clk 01:18:03]} {[%emt 00:07:28]} a6 {[%clk 01:23:16]} {[%emt 00:00:40]} 10.
a4 {[%clk 01:15:42]} {[%emt 00:02:51]} Nc6 {[%clk 01:23:27]} {[%emt 00:00:19]}
11. Be3 {[%clk 01:14:50]} {[%emt 00:01:22]} Nb4 {[%clk 01:19:22]} {[%emt
00:04:35]} 12. Qd2 {[%clk 01:03:11]} {[%emt 00:12:08]} b6 {[%clk 01:18:46]}
{[%emt 00:01:06]} 13. Bf4 {[%clk 00:56:37]} {[%emt 00:07:03]} Bb7 {[%clk
01:15:01]} {[%emt 00:04:16]} 14. Be2 {[%clk 00:52:15]} {[%emt 00:04:52]} Rc8
{[%clk 01:11:50]} {[%emt 00:03:41]} 15. Rac1 {[%clk 00:52:26]} {[%emt
00:00:20]} Nbd5 {[%clk 01:06:51]} {[%emt 00:05:29]} 16. Nxd5 {[%clk 00:45:56]}
{[%emt 00:07:00]} Qxd5 {[%clk 01:03:59]} {[%emt 00:03:22]} 17. Rxc8 {[%clk
00:43:37]} {[%emt 00:02:49]} Rxc8 {[%clk 01:04:22]} {[%emt 00:00:06]} 18. Rc1
{[%clk 00:43:47]} {[%emt 00:00:19]} Qd7 {[%clk 00:36:28]} {[%emt 00:28:24]} 19.
Rxc8+ {[%clk 00:35:41]} {[%emt 00:08:36]} Qxc8 {[%clk 00:36:57]} {[%emt
00:00:02]} 20. Ne5 {[%clk 00:29:34]} {[%emt 00:06:38]} Nd5 {[%clk 00:35:06]}
{[%emt 00:02:20]} 21. Bg3 {[%clk 00:28:25]} {[%emt 00:01:38]} h6 {[%clk
00:28:07]} {[%emt 00:07:30]} 22. Bh5 {[%clk 00:26:26]} {[%emt 00:02:28]} g6
{[%clk 00:26:15]} {[%emt 00:02:23]} 23. Bg4 {[%clk 00:11:16]} {[%emt 00:15:40]}
Kg7 {[%clk 00:24:09]} {[%emt 00:02:36]} 24. Nd3 {[%clk 00:10:04]} {[%emt
00:01:42]} Qc4 {[%clk 00:16:57]} {[%emt 00:07:38]} 25. a5 {[%clk 00:06:34]}
{[%emt 00:04:05]} bxa5 {[%clk 00:13:45]} {[%emt 00:03:41]} 26. Ne5 {[%clk
00:06:04]} {[%emt 00:00:59]} Qb4 {[%clk 00:12:29]} {[%emt 00:01:47]} 27. Qc2
{[%clk 00:05:52]} {[%emt 00:00:42]} Bf6 {[%clk 00:00:35]} {[%emt 00:12:25]} 28.
Bxe6 {[%clk 00:04:03]} {[%emt 00:02:18]} Bxe5 {[%clk 00:01:03]} {[%emt
00:00:02]} 29. Bxe5+ {[%clk 00:04:22]} {[%emt 00:00:10]} f6 {[%clk 00:01:30]}
{[%emt 00:00:04]} 30. Bxd5 {[%clk 00:04:16]} {[%emt 00:00:35]} Bxd5 {[%clk
00:01:55]} {[%emt 00:00:06]} 31. Qc7+ {[%clk 00:03:40]} {[%emt 00:01:06]} Bf7
{[%clk 00:02:24]} {[%emt 00:00:02]} 32. Bd6 {[%clk 00:00:57]} {[%emt 00:03:13]}
Qxb2 {[%clk 00:02:28]} {[%emt 00:00:26]} 33. Qd8 {[%clk 00:00:41]} {[%emt
00:00:46]} g5 {[%clk 00:02:53]} {[%emt 00:00:04]} 34. Qxa5 {[%clk 00:00:33]}
{[%emt 00:00:38]} Qb1+ {[%clk 00:02:02]} {[%emt 00:01:22]} 35. Kh2 {[%clk
00:00:49]} {[%emt 00:00:13]} Qf1 {[%clk 00:02:29]} {[%emt 00:00:03]} 36. f3
{[%clk 00:00:33]} {[%emt 00:00:47]} Qd3 {[%clk 00:01:39]} {[%emt 00:01:20]} 37.
Bg3 {[%clk 00:00:31]} {[%emt 00:00:31]} h5 {[%clk 00:01:29]} {[%emt 00:00:41]}
38. Qd8 {[%clk 00:00:34]} {[%emt 00:00:27]} h4 {[%clk 00:00:54]} {[%emt
00:01:05]} 39. Bb8 {[%clk 00:00:35]} {[%emt 00:00:29]} Qb5 {[%clk 00:01:03]}
{[%emt 00:00:20]} 40. Bc7 {[%clk 00:00:33]} {[%emt 00:00:33]} Qd3 {[%clk
00:00:31]} {[%emt 00:01:02]} 41. Qd6 {[%clk 00:21:00]} {[%emt 00:10:02]} Qc4
{[%clk 00:27:48]} {[%emt 00:03:15]} 1/2-1/2

[Event "ODJM A 2025"]
[Site "Willingen GER"]
[Date "2025.06.13"]
[Round "8"]
[White "Schuricht, Paul Alexander"]
[Black "Alheit, Maximilian"]
[Result "0-1"]
[Termination "normal"]
[Board "24"]
[WhiteElo "1920"]
[BlackElo "1884"]
[WhiteClock "00:21:17"]
[BlackClock "00:32:17"]
[PlyCount "94"]
[WhiteFideId "16270177"]
[BlackFideId "34607676"]
[EventCountry "GER"]
[EventRounds "9"]
[EventType "swiss"]
[EventDate "2025.06.07"]

1. d4 {[%clk 01:30:57]} {[%emt 00:00:02]} Nf6 {[%clk 01:30:57]} {[%emt
00:00:04]} 2. c4 {[%clk 01:31:21]} {[%emt 00:00:06]} e6 {[%clk 01:31:24]}
{[%emt 00:00:03]} 3. g3 {[%clk 01:31:44]} {[%emt 00:00:06]} d5 {[%clk
01:31:51]} {[%emt 00:00:04]} 4. Bg2 {[%clk 01:32:07]} {[%emt 00:00:06]} Be7
{[%clk 01:32:17]} {[%emt 00:00:04]} 5. Nf3 {[%clk 01:32:29]} {[%emt 00:00:08]}
O-O {[%clk 01:32:43]} {[%emt 00:00:05]} 6. O-O {[%clk 01:32:52]} {[%emt
00:00:07]} c5 {[%clk 01:33:10]} {[%emt 00:00:03]} 7. Nc3 {[%clk 01:32:01]}
{[%emt 00:01:20]} cxd4 {[%clk 01:26:11]} {[%emt 00:07:30]} 8. Qxd4 {[%clk
01:10:59]} {[%emt 00:21:31]} Nc6 {[%clk 01:26:00]} {[%emt 00:00:41]} 9. Qd3
{[%clk 01:06:44]} {[%emt 00:04:46]} d4 {[%clk 01:24:27]} {[%emt 00:02:04]} 10.
Ne4 {[%clk 01:04:39]} {[%emt 00:02:34]} e5 {[%clk 01:22:03]} {[%emt 00:02:54]}
11. Rd1 {[%clk 01:02:18]} {[%emt 00:02:49]} Kh8 {[%clk 01:00:12]} {[%emt
00:22:23]} 12. Nxf6 {[%clk 00:51:47]} {[%emt 00:11:01]} Bxf6 {[%clk 01:00:36]}
{[%emt 00:00:06]} 13. Nd2 {[%clk 00:35:21]} {[%emt 00:16:55]} g6 {[%clk
00:51:33]} {[%emt 00:09:33]} 14. e3 {[%clk 00:28:00]} {[%emt 00:07:51]} dxe3
{[%clk 00:50:32]} {[%emt 00:01:31]} 15. Qxe3 {[%clk 00:27:13]} {[%emt
00:01:16]} Bg4 {[%clk 00:44:39]} {[%emt 00:06:23]} 16. Re1 {[%clk 00:21:08]}
{[%emt 00:06:36]} Nd4 {[%clk 00:43:28]} {[%emt 00:01:42]} 17. Be4 {[%clk
00:13:13]} {[%emt 00:08:24]} Bg5 {[%clk 00:40:17]} {[%emt 00:03:41]} 18. Qc3
{[%clk 00:10:42]} {[%emt 00:03:01]} Ne2+ {[%clk 00:34:36]} {[%emt 00:06:12]}
19. Rxe2 {[%clk 00:11:08]} {[%emt 00:00:03]} Bxe2 {[%clk 00:34:59]} {[%emt
00:00:08]} 20. Bxb7 {[%clk 00:09:58]} {[%emt 00:01:40]} Rb8 {[%clk 00:34:26]}
{[%emt 00:01:02]} 21. Qxe5+ {[%clk 00:10:21]} {[%emt 00:00:07]} Bf6 {[%clk
00:34:30]} {[%emt 00:00:26]} 22. Qxe2 {[%clk 00:10:47]} {[%emt 00:00:04]} Rxb7
{[%clk 00:34:54]} {[%emt 00:00:06]} 23. Rb1 {[%clk 00:09:56]} {[%emt 00:01:22]}
Re7 {[%clk 00:33:42]} {[%emt 00:01:41]} 24. Qf3 {[%clk 00:09:00]} {[%emt
00:01:26]} Re1+ {[%clk 00:32:52]} {[%emt 00:01:20]} 25. Kg2 {[%clk 00:09:28]}
{[%emt 00:00:02]} Qa8 {[%clk 00:32:11]} {[%emt 00:01:11]} 26. b3 {[%clk
00:06:39]} {[%emt 00:03:19]} Qxf3+ {[%clk 00:24:39]} {[%emt 00:08:03]} 27. Nxf3
{[%clk 00:07:06]} {[%emt 00:00:02]} Rd1 {[%clk 00:24:26]} {[%emt 00:00:44]} 28.
Bh6 {[%clk 00:05:46]} {[%emt 00:01:49]} Rxb1 {[%clk 00:24:23]} {[%emt
00:00:33]} 29. Bxf8 {[%clk 00:06:13]} {[%emt 00:00:03]} Rb2 {[%clk 00:24:37]}
{[%emt 00:00:16]} 30. b4 {[%clk 00:03:41]} {[%emt 00:03:02]} Rxa2 {[%clk
00:24:47]} {[%emt 00:00:20]} 31. b5 {[%clk 00:02:58]} {[%emt 00:01:13]} Bc3
{[%clk 00:14:10]} {[%emt 00:11:08]} 32. Bd6 {[%clk 00:01:19]} {[%emt 00:02:09]}
Kg7 {[%clk 00:12:15]} {[%emt 00:02:24]} 33. Ng5 {[%clk 00:01:23]} {[%emt
00:00:25]} Bd4 {[%clk 00:11:34]} {[%emt 00:01:11]} 34. Ne4 {[%clk 00:01:00]}
{[%emt 00:00:54]} f5 {[%clk 00:11:36]} {[%emt 00:00:28]} 35. Nc5 {[%clk
00:00:51]} {[%emt 00:00:40]} Rxf2+ {[%clk 00:10:38]} {[%emt 00:01:28]} 36. Kh3
{[%clk 00:01:14]} {[%emt 00:00:07]} Kf6 {[%clk 00:07:17]} {[%emt 00:03:51]} 37.
Na6 {[%clk 00:00:42]} {[%emt 00:01:02]} g5 {[%clk 00:06:52]} {[%emt 00:00:54]}
38. g4 {[%clk 00:00:46]} {[%emt 00:00:27]} f4 {[%clk 00:06:49]} {[%emt
00:00:33]} 39. c5 {[%clk 00:01:01]} {[%emt 00:00:14]} Rc2 {[%clk 00:06:55]}
{[%emt 00:00:23]} 40. Nb4 {[%clk 00:00:43]} {[%emt 00:00:49]} Rb2 {[%clk
00:04:22]} {[%emt 00:03:03]} 41. c6 {[%clk 00:26:43]} {[%emt 00:04:31]} Bg1
{[%clk 00:32:55]} {[%emt 00:01:56]} 42. Be5+ {[%clk 00:26:26]} {[%emt
00:00:48]} Kxe5 {[%clk 00:32:46]} {[%emt 00:00:39]} 43. Nd3+ {[%clk 00:26:47]}
{[%emt 00:00:08]} Kd5 {[%clk 00:31:54]} {[%emt 00:01:21]} 44. Nxb2 {[%clk
00:26:30]} {[%emt 00:00:49]} Bb6 {[%clk 00:32:18]} {[%emt 00:00:06]} 45. Kg2
{[%clk 00:22:29]} {[%emt 00:04:30]} Kc5 {[%clk 00:31:35]} {[%emt 00:01:13]} 46.
Na4+ {[%clk 00:21:01]} {[%emt 00:01:57]} Kxb5 {[%clk 00:31:51]} {[%emt
00:00:15]} 47. Nxb6 {[%clk 00:21:17]} {[%emt 00:00:14]} Kxb6 {[%clk 00:32:17]}
{[%emt 00:00:04]} 0-1

[Event "ODJM A 2025"]
[Site "Willingen GER"]
[Date "2025.06.13"]
[Round "8"]
[White "Pimenov, Danil"]
[Black "Direk, Oguzhan"]
[Result "1-0"]
[Termination "normal"]
[Board "25"]
[WhiteElo "1945"]
[BlackElo "1912"]
[WhiteClock "00:30:36"]
[BlackClock "00:12:24"]
[PlyCount "77"]
[WhiteFideId "34600248"]
[BlackFideId "16294343"]
[EventCountry "GER"]
[EventRounds "9"]
[EventType "swiss"]
[EventDate "2025.06.07"]

1. e4 {[%clk 01:30:57]} {[%emt 00:00:03]} c5 {[%clk 01:30:55]} {[%emt
00:00:05]} 2. Nf3 {[%clk 01:31:23]} {[%emt 00:00:03]} e6 {[%clk 01:31:20]}
{[%emt 00:00:05]} 3. d4 {[%clk 01:31:50]} {[%emt 00:00:04]} cxd4 {[%clk
01:31:45]} {[%emt 00:00:04]} 4. Nxd4 {[%clk 01:32:16]} {[%emt 00:00:05]} Nc6
{[%clk 01:32:09]} {[%emt 00:00:05]} 5. Nc3 {[%clk 01:32:43]} {[%emt 00:00:04]}
Qc7 {[%clk 01:32:35]} {[%emt 00:00:05]} 6. Ncb5 {[%clk 01:33:07]} {[%emt
00:00:06]} Qb8 {[%clk 01:32:47]} {[%emt 00:00:16]} 7. Bd3 {[%clk 01:33:33]}
{[%emt 00:00:05]} Ne5 {[%clk 01:20:04]} {[%emt 00:13:13]} 8. O-O {[%clk
01:27:38]} {[%emt 00:06:25]} a6 {[%clk 01:10:29]} {[%emt 00:10:06]} 9. Nc3
{[%clk 01:28:01]} {[%emt 00:00:05]} Bc5 {[%clk 01:06:45]} {[%emt 00:04:15]} 10.
Nb3 {[%clk 01:27:26]} {[%emt 00:01:05]} Ba7 {[%clk 01:05:38]} {[%emt 00:01:36]}
11. Kh1 {[%clk 01:27:28]} {[%emt 00:00:29]} b5 {[%clk 01:03:05]} {[%emt
00:03:03]} 12. f4 {[%clk 01:26:41]} {[%emt 00:01:16]} Nxd3 {[%clk 00:53:39]}
{[%emt 00:09:57]} 13. cxd3 {[%clk 01:26:34]} {[%emt 00:00:38]} Bb7 {[%clk
00:51:47]} {[%emt 00:02:21]} 14. Qg4 {[%clk 01:24:59]} {[%emt 00:02:04]} Kf8
{[%clk 00:47:51]} {[%emt 00:04:26]} 15. f5 {[%clk 01:22:04]} {[%emt 00:03:26]}
Nf6 {[%clk 00:47:19]} {[%emt 00:01:01]} 16. Qh4 {[%clk 01:20:20]} {[%emt
00:02:15]} e5 {[%clk 00:45:00]} {[%emt 00:02:49]} 17. Bg5 {[%clk 01:01:08]}
{[%emt 00:19:41]} Qd8 {[%clk 00:25:38]} {[%emt 00:19:53]} 18. d4 {[%clk
00:58:32]} {[%emt 00:03:06]} d6 {[%clk 00:19:21]} {[%emt 00:06:46]} 19. dxe5
{[%clk 00:58:06]} {[%emt 00:00:57]} dxe5 {[%clk 00:19:46]} {[%emt 00:00:05]}
20. Rad1 {[%clk 00:56:02]} {[%emt 00:02:34]} Qb6 {[%clk 00:18:31]} {[%emt
00:01:45]} 21. Rd3 {[%clk 00:52:33]} {[%emt 00:03:59]} h6 {[%clk 00:14:48]}
{[%emt 00:04:13]} 22. Rfd1 {[%clk 00:51:50]} {[%emt 00:01:13]} Kg8 {[%clk
00:12:48]} {[%emt 00:02:30]} 23. Bxf6 {[%clk 00:48:26]} {[%emt 00:03:53]} Qxf6
{[%clk 00:12:24]} {[%emt 00:00:55]} 24. Rd8+ {[%clk 00:47:49]} {[%emt
00:01:06]} Kh7 {[%clk 00:11:19]} {[%emt 00:01:36]} 25. Qxf6 {[%clk 00:48:00]}
{[%emt 00:00:18]} gxf6 {[%clk 00:11:45]} {[%emt 00:00:05]} 26. R8d7 {[%clk
00:48:09]} {[%emt 00:00:20]} Bc6 {[%clk 00:11:57]} {[%emt 00:00:19]} 27. Rxf7+
{[%clk 00:48:24]} {[%emt 00:00:14]} Kg8 {[%clk 00:12:22]} {[%emt 00:00:05]} 28.
Rxf6 {[%clk 00:48:34]} {[%emt 00:00:20]} Rc8 {[%clk 00:12:39]} {[%emt
00:00:13]} 29. Rdd6 {[%clk 00:47:11]} {[%emt 00:01:53]} Be8 {[%clk 00:12:57]}
{[%emt 00:00:12]} 30. Rxa6 {[%clk 00:40:07]} {[%emt 00:07:34]} Bd4 {[%clk
00:13:11]} {[%emt 00:00:16]} 31. h3 {[%clk 00:39:55]} {[%emt 00:00:42]} b4
{[%clk 00:13:19]} {[%emt 00:00:23]} 32. Nd5 {[%clk 00:38:25]} {[%emt 00:02:00]}
Rc2 {[%clk 00:11:39]} {[%emt 00:02:10]} 33. Rfe6 {[%clk 00:33:22]} {[%emt
00:05:32]} Bf7 {[%clk 00:10:59]} {[%emt 00:01:10]} 34. Re7 {[%clk 00:33:38]}
{[%emt 00:00:13]} Kg7 {[%clk 00:11:12]} {[%emt 00:00:18]} 35. Nxd4 {[%clk
00:32:36]} {[%emt 00:01:31]} exd4 {[%clk 00:11:38]} {[%emt 00:00:04]} 36. Nf4
{[%clk 00:32:50]} {[%emt 00:00:16]} Rf8 {[%clk 00:11:59]} {[%emt 00:00:10]} 37.
e5 {[%clk 00:31:44]} {[%emt 00:01:37]} Kg8 {[%clk 00:12:16]} {[%emt 00:00:12]}
38. Raa7 {[%clk 00:30:33]} {[%emt 00:01:41]} d3 {[%clk 00:12:24]} {[%emt
00:00:23]} 39. Nxd3 {[%clk 00:30:36]} {[%emt 00:00:26]} 1-0